Tekst "Gejowski Nurek Kosmita" - Gay Records - Statystyki

Ogólne statystyki
  • Ten quiz został rozwiązany 19 razy
  • Średni wynik to 14 z 24
Statystyki odpowiedzi
Tekst % Poprawnych
Jestem {gejowskim nurkiem kosmitą}
100%
Jestem {gejowskim nurkiem kosmitą}
100%
{Mój kutas} pod wodą wydaje się wielki
93%
{Mój kutas} pod wodą wydaje się wielki
93%
Z {jajek} unoszą mi się bąbelki
93%
Z {jajek} unoszą mi się bąbelki
93%
Między rybami {macham pytą}
73%
Między rybami {macham pytą}
73%
Szukam fragmentów mojego {statku}
60%
jak tylko przeżyję to się {nią pobawię}
53%
Widzę tylko wodę i {stojącą pałę}
53%
i tym sposobem zepsułem {ster}
47%
Nagle na {fiuta} wylałem herbatkę
47%
Na tej planecie chyba {nic nie ma}
47%
{Waliłem konia} gdy leciałem statkę
47%
Boję się że pod wodą spotkam {kobietę}
40%
Jestem tu sam i to dziełem {przypadku}
40%
karpiom podoba się moja {faja}
40%
Muszę powrócić na {swoją planetę}
40%
Na szczęście ryby mi masują {jaja}
40%
Prawie {dochodzę} gdy wpadam w ocean
40%
Ciężko się pływa i na raz {zabawia}
33%
Skoczyłem i {jajem} wbiłem zły bieg
33%
{Prostuję druta} pod wodą jak spawacz
20%
Nie znaleziono quizów pasujących do podanych kryteriów
Rozkład punktacji
Procent ludzi z każdym wynikiem
Percentyl według liczby udzielonych odpowiedzi
Twoja historia wyników
Nie rozwiązałeś tego quizu